| 000 | 00478nam a22001577a 4500 | ||
|---|---|---|---|
| 003 | 0 | ||
| 005 | 20231107095756.0 | ||
| 008 | 230929b xxu||||| |||| 00| 0 eng d | ||
| 050 |
_aHD 57.7 _b.M34 2022 |
||
| 100 | _aMcGee, Eliza M. | ||
| 245 |
_aDecisiveness and importorism of algorithmic social media users _cMcGee, Eliza M. |
||
| 260 |
_aLas Pinas City _bSouthville International and Colleges _cC2022 |
||
| 300 |
_axi, 222 _c28cm. |
||
| 500 | _aDecisiveness. | ||
| 942 |
_2lcc _cTH |
||
| 999 |
_c365451 _d365451 |
||